Представление документа в формате MARC21

ПолеНазваниеЗначение
  Тип записи a
  Библиографический уровень m
001 Контрольный номер RU/URAIT/590663
005 Дата корректировки 20260429163621.7
008 Кодируемые данные 260429s2026 RU y f j 000 0 rus u
020 Индекс ISBN __
a ISBN 978-5-534-21939-5
c Цена, тираж 2189.00
040 Источник каталогиз. __
a Служба первич. каталог. ИКО Юрайт
c Служба, преобразующая запись ИКО Юрайт
e Правила каталог. RCR
041 Код языка издания __
a Код языка текста rus
044 Код страны публикации __
a Код страны публикации RU
080 Индекс УДК __
a Индекс УДК 33
084 Индекс другой классификации/Индекс ББК __
2 Источник индекса rubbk
a Индекс другой классификации/Индекс ББК 65.290я73
100 Автор __
a Автор Касьяненко Т. Г.
q Полное имя Касьяненко Татьяна Геннадьевна
245 Заглавие __
a Заглавие Оценка стоимости машин и оборудования
b Продолж. заглавия учебник и практикум для вузов
c Ответственность Т. Г. Касьяненко, Г. А. Маховикова ; под редакцией Т. Г. Касьяненко.
250 Сведения об издании __
g пер. и доп
a Основные сведения об издании 2-е изд.
256 Характеристики компьютерного файла __
a Характеристики компьютерного файла Электрон. дан.
260 Выходные данные __
a Место издания Москва
b Издательство Юрайт
c Дата издания 2026
300 Физическое описание __
a Объем 422 с
440 Серия __
a Серия Высшее образование
500 Примечания __
a Примечание URL: https://urait.ru/bcode/590663 (дата обращения: 29.04.2026).
520 Аннотация __
a Аннотация Оценочные концепции и их применение в оценке стоимости машин и оборудования приводятся в широком экономическом контексте, включающем исторический аспект ценообразования, а также теоретический анализ используемых на текущий момент методов и понятий. Теоретическая база оценки стоимости машин и оборудования изложена в соответствии с оригинальными американскими первоисточниками и отечественными методическими исследованиями.
538 Прим. о системных особенностях __
a Прим. о системных особенностях Режим доступа: Электронно-библиотечная система Юрайт, для авториз. пользователей
653 Ключевые слова __
a Ключевые слова Финансы
653 Ключевые слова __
a Ключевые слова Экономические науки
653 Ключевые слова __
a Ключевые слова Оценка стоимости машин и оборудования
653 Ключевые слова __
a Ключевые слова Основы оценки стоимости имущества
653 Ключевые слова __
a Ключевые слова Оценка стоимости имущества
653 Ключевые слова __
a Ключевые слова Оценка стоимости машин, оборудования и транспортных средств
653 Ключевые слова __
a Ключевые слова Управление имуществом предприятия
653 Ключевые слова __
a Ключевые слова Оценка стоимости имущества предприятия
653 Ключевые слова __
a Ключевые слова Технико-экономическая оценка машин
653 Ключевые слова __
a Ключевые слова Оценка имущественного комплекса предприятия
700 Другие авторы __
a Другие авторы Маховикова Г. А.
q Полное имя Маховикова Галина Афонасьевна
856 Электронный адрес документа 40
n Местонахождение сервера Юрайт
g Электронная книга
q Тип электронного формата html
h Имя пользователя ЮРАЙТ
v Часы доступа к ресурсу 20271231
2 Способ доступа Показать документ
x Служебное примечание https://urait.ru/book/cover/53A140F3-ED12-4A1D-B9C2-89EFDC52B51E
u URL https://urait.ru/bcode/590663
856 Электронный адрес документа 48
q Тип электронного формата cover
u URL https://urait.ru/book/cover/53A140F3-ED12-4A1D-B9C2-89EFDC52B51E
911 __
u 0030=https://urait.ru/bcode/590663
911 __
u 073a=9785534219395
u 073d=2189.00
911 __
u 106a=s
911 __
u 900l=
952 Тип литературы __
i Дисциплина Оценка стоимости машин и оборудования
952 Тип литературы __
i Дисциплина Основы оценки стоимости имущества
952 Тип литературы __
i Дисциплина Оценка стоимости имущества
952 Тип литературы __
i Дисциплина Оценка стоимости машин, оборудования и транспортных средств
952 Тип литературы __
i Дисциплина Управление имуществом предприятия
952 Тип литературы __
i Дисциплина Оценка стоимости имущества предприятия
952 Тип литературы __
i Дисциплина Технико-экономическая оценка машин
952 Тип литературы __
i Дисциплина Оценка имущественного комплекса предприятия